000 00620nam a2200157Ia 4500
008 240514t2022||||xx |||||||||||||| ||spa||
110 _aHispalyt
110 1 0 _aGremi de Rajolers
119 _bArquitectura
_cDiseño de Estructuras con materiales esenciales
245 0 _aFachadas y paredes interiores de ladrillos y bloques cerámicos para revestir
260 _bHispalyt
_c2022
538 _aAcceso vía web
540 _fAcceso abierto
650 _aMateriales de Construcción
856 _uhttps://paredesdeladrillo.com/wp-content/uploads/documentos/manual_tecnico_ladrillo_y_bloque_ceramico_hispalyt_sep_2022.pdf
999 _c174199
_d174199